Statistics for Φαγητά που αρχίζουν από Α (με εικόνες)

Click here to take the quiz!

General Stats

  • This quiz has been taken 145 times
  • The average score is 13 of 15

Answer Stats

Answer% Correct
Ανανάς
100%
Αγγούρι
99%
Αλάτι
99%
Αχλάδι
99%
Αλεύρι
99%
Ακτινίδιο
98%
Αβοκάντο
97%
Αβγό
97%
Αστακός
96%
Αμύγδαλο
94%
Αρακάς
92%
Αγκινάρα
87%
Άνηθος
67%
Αραβική πίτα
26%
Αυγοτάραχο
22%

Score Distribution

Percentile by Number Answered

Percent of People with Each Score

Your Score History

You have not taken this quiz